Ar-Rahnu : Islamic pawnbroking

Bibliographic Details
Main Authors: Abdul Ghafar Ismail (Author), Selamah Maamor (Author)
Format: Book
Language:English
Published: Kuala Lumpur : Dewan Bahasa dan Pustaka , c2013
Subjects:

MARC

LEADER 00000cam a2200000 7i4500
001 0000089286
005 20160507093000.0
008 160222s2013 my eng
020 |a 9789834612313 
050 0 0 |a HG2106   |b .A77 2013 
090 0 0 |a HG2106   |b .A77 2013 
245 0 0 |a Ar-Rahnu :   |b Islamic pawnbroking   |c editor, Abdul Ghafar Ismail, Selamah Maamor 
260 |a Kuala Lumpur :   |b Dewan Bahasa dan Pustaka ,   |c c2013 
300 |a xxvi, 342 p. :   |b ill. ;   |c 21 cm. 
504 |a Includes bibliographical references and index 
505 0 |a 1. About Ar-Rahnu -- 2. Fiqh of Ar-Rahnu -- 3. The institutions of Ar-Rahnu -- 4. Law and regulation -- 5. Practice and experience 
650 0 |a Loans (Islamic law) 
650 0 |a Pawnbroking 
700 0 |a Abdul Ghafar Ismail ,   |e author 
700 0 |a Selamah Maamor ,   |e author 
999 |a 1000165822   |b Book   |c OPEN SHELF (30 DAYS)   |e Gong Badak Campus